Where Am I? - Click on Map - Statistics

General Stats
  • This quiz has been taken 69 times
  • The average score is 6 of 20
Answers on the Map
Answers color-coded by a green-red scale on the quiz's map according to % correct below.
 
Answer Stats
Answer % Correct
58%
51%
51%
49%
44%
42%
39%
34%
32%
31%
24%
22%
20%
20%
17%
15%
14%
12%
8%
3%
No matching quizzes found
Score Distribution
Percent of People with Each Score
Percentile by Number Answered
Your Score History
You have not taken this quiz